000 00626nam a2200205Ia 4500
003 IN-BaIIA
008 211028s9999 xx 000 0 eng d
020 _a978-0-387-93880-6
040 _cIIA Library
080 _a629.7.087.8
_bCAR
100 _aCarroll, Michael
_933455
245 4 _aThe seventh landing
_bgoing back to the Moon, this time to stay
_cMichael Carroll
260 _aHeidelberg
_bSpringer
_c2009
300 _axvii, 174p.
650 _aMars
_91378
650 _aMoon missions
_933456
650 _aSpace program
_933457
650 _aThe Moon
_933458
942 _cBK
999 _c17662
_d17662